| 000 | 01210cam a22002771i 4500 | ||
|---|---|---|---|
| 003 | SA-RiAUC | ||
| 005 | 20250519060954.0 | ||
| 008 | 250516s2002 su f b 00000dara c | ||
| 040 |
_aSA-RiAUC _bara _cSA-RiAUC _erda |
||
| 082 | 0 | 4 |
_a241 _qSA-RiAUC |
| 090 |
_a241 _bغ ا م |
||
| 100 | 1 |
_aالغامدي، أحمد بن عطية علي، _d1370 هجري- _eمؤلف. |
|
| 245 | 1 | 2 |
_aالبيهقي وموقفه من الإلهيات / _cتأليف أحمد بن عطية بن علي الغامدي. |
| 264 | 1 |
_aالمدينة المنورة : _bالجامعة الاسلامية، _c2002 |
|
| 300 |
_a432 صفحة ؛ _c24 سم. |
||
| 336 |
_aنص _btxt _2rdacontent _3كتاب |
||
| 337 |
_aبدون وسيط _bn _2rdamedia |
||
| 338 |
_aمجلد _bnc _2rdacarrier |
||
| 490 | 0 |
_aمطبوعات الجامعة الإسلامية بالمدينة المنورة ؛ _v45 |
|
| 500 | _aيشتمل علي إرجاعات ببليوجرافية. | ||
| 500 | _aالأصل أطروحة دكتوراة. | ||
| 600 | 1 | 7 |
_aالبيهقي، أحمد بن الحسين بن علي، _d384-458 هجري _2aucnm |
| 650 | 7 |
_aالألوهية _2aucsh |
|
| 942 |
_2ddc _cBOOK _n0 |
||
| 949 |
_aSA-JeALM _d250516 _umohamedma123 _n1 |
||
| 999 |
_c8056 _d8056 |
||